[Event "Belt and Road Hunan op-C"]
[Site "Changsha"]
[Date "2019.07.31"]
[Round "4"]
[White "Chua, Jia Tien"]
[Black "Chen, Junhong"]
[Result "1/2-1/2"]
[WhiteElo "1769"]
[BlackElo "1924"]
[PlyCount "68"]
[EventDate "2019.07.29"]
[EventType "swiss"]
[EventRounds "9"]
[EventCountry "CHN"]
[SourceTitle "EXT 2020"]
[Source "ChessBase"]
[SourceDate "2019.10.17"]
[SourceVersion "1"]
[SourceVersionDate "2019.10.17"]
[SourceQuality "1"]

1. e4 c5 2. Nf3 Nc6 3. d4 cxd4 4. Nxd4 Nf6 5. Nc3 e5 6. Ndb5 d6 7. Nd5 Nxd5 8. exd5 Ne7 9. c4 Nf5 10. Bd3 Be7 11. 0-0 0-0 12. Qc2 g6 13. f4 a6 14. Nc3 Nd4 15. Qf2 f5 16. Be3 Bf6 17. Rad1 Re8 18. Rfe1 Bd7 19. fxe5 dxe5 20. Bxd4 exd4 21. Rxe8+ Bxe8 22. Ne2 Qb6 23. b3 Bf7 24. Bc2 Rc8 25. Nxd4 Bxd5 26. Nxf5 Qxf2+ 27. Kxf2 Bc6 28. Ne3 Rf8 29. Kg1 Bg5 30. Nd5 Bxd5 31. cxd5 Be3+ 32. Kh1 Bc5 33. Be4 Rf6 34. h3 Kf7 1/2-1/2

[Event "Belt and Road Hunan op-C"]
[Site "Changsha"]
[Date "2019.07.30"]
[Round "3"]
[White "Chen, Junhong"]
[Black "Deng, Haoyou"]
[Result "1-0"]
[WhiteElo "1924"]
[BlackElo "1660"]
[PlyCount "50"]
[EventDate "2019.07.29"]
[EventType "swiss"]
[EventRounds "9"]
[EventCountry "CHN"]
[SourceTitle "EXT 2020"]
[Source "ChessBase"]
[SourceDate "2019.10.17"]
[SourceVersion "1"]
[SourceVersionDate "2019.10.17"]
[SourceQuality "1"]

1. d4 Nf6 2. c4 c6 3. Nf3 d5 4. Nc3 Bf5 5. Bf4 e6 6. e3 Bd6 7. Bg3 0-0 8. c5 Bxg3 9. hxg3 Ne4 10. Bd3 Nxc3 11. bxc3 Nd7 12. Bxf5 exf5 13. Qd3 g6 14. Ke2 Kg7 15. Rh4 Rh8 16. Rhh1 Qa5 17. Qc2 Nf6 18. Ne5 Ne4 19. Rhc1 f6 20. Nd3 b6 21. f3 Ng5 22. c4 bxc5 23. cxd5 cxd4 24. dxc6 Rhe8 25. a4 Qc7 1-0

[Event "Wch U16"]
[Site "Durban"]
[Date "2014.09.21"]
[Round "2"]
[White "Chen, Junhong"]
[Black "Zamengo, Fulvio"]
[Result "1/2-1/2"]
[WhiteElo "1846"]
[BlackElo "2276"]
[PlyCount "100"]
[EventDate "2014.09.20"]
[EventType "swiss"]
[EventRounds "11"]
[EventCountry "RSA"]
[SourceTitle "CBM 162 Extra"]
[Source "ChessBase"]
[SourceDate "2014.10.17"]
[SourceVersion "1"]
[SourceVersionDate "2014.10.17"]
[SourceQuality "1"]

1. d4 Nf6 2. c4 g6 3. Nc3 d5 4. e3 Bg7 5. Nf3 0-0 6. Bd3 dxc4 7. Bxc4 Nbd7 8. 0-0 c5 9. Qe2 cxd4 10. exd4 Nb6 11. Bb3 Bg4 12. Rd1 Qd7 13. h3 Bxf3 14. Qxf3 Rfd8 15. Ne4 Qc6 16. Nxf6+ Bxf6 17. d5 Qd7 18. d6 Qc6 19. dxe7 Rxd1+ 20. Bxd1 Qxf3 21. Bxf3 Re8 22. Rb1 Rxe7 23. Bf4 Na4 24. Bd6 Rd7 25. Ba3 Be7 26. Bxe7 Rxe7 27. b3 Nc3 28. Rc1 Nb5 29. Bd5 Nd4 30. Kf1 Kg7 31. Rc4 Nb5 32. a4 Nd6 33. Rf4 Re5 34. Bf3 Kf8 35. Rd4 Ke7 36. Rd5 Rxd5 37. Bxd5 Kf6 38. f4 Kf5 39. g3 h5 40. h4 b6 41. Kg2 Kf6 42. Kf3 a5 43. g4 hxg4+ 44. Kxg4 Nf5 45. Be4 Nh6+ 46. Kf3 Ke6 47. Ke3 Nf5+ 48. Bxf5+ Kxf5 49. Kf3 Ke6 50. Ke4 f5+ 1/2-1/2